[Event "Amagermesterskabet Gruppe 2 2014"]
[Site "Sundbyoster"]
[Date "2014.10.21"]
[Round "7"]
[White "Petersen, Tobias Christian"]
[Black "Nielsen, Angelo"]
[Result "0-1"]
[WhiteElo "1629"]
[BlackElo "1566"]
[PlyCount "54"]
[EventDate "2014.??.??"]

1. e4 c5 2. d4 cxd4 3. c3 d6 4. Nf3 Nf6 5. Bb5+ Bd7 6. Qb3 Bxb5 7. Qxb5+ Qd7 8.
Qd3 Na6 9. O-O Nc5 10. Qxd4 Ncxe4 11. Re1 Qc6 12. a4 e6 13. Bg5 Nxg5 14. Nxg5
d5 15. b4 Qc4 16. Qe3 Qg4 17. Na3 Be7 18. Nb5 O-O 19. h3 Qc4 20. Rad1 a6 21.
Nd4 Ne4 22. Nxe4 dxe4 23. Qxe4 Qxc3 24. Nxe6 fxe6 25. Qxe6+ Rf7 26. Re3 Qf6 27.
Qc4 Qxf2+ 0-1